Sports Quiz

Random Sports or MLB Quiz
Score 0/289 Timer 03:00
2 Plays Today
% Correct
97%
96.9%
96.8%
96.6%
96.6%
96.6%
96.5%
96.3%
96.3%
96.3%
96.2%
95.8%
95.8%
95.8%
95.8%
95.8%
95.7%
95.7%
95.7%
95.7%
95.7%
95.5%
95.5%
95.5%
95.4%
95.4%
95.3%
95.2%
95.2%
95.2%
95.2%
95.1%
95.1%
Cincinnati
Reds
95.1%
95%
95%
94.9%
94.9%
94.9%
94.9%
94.8%
94.8%
94.7%
94.7%
94.7%
94.7%
94.7%
94.6%
94.5%
94.4%
94.4%
94.4%
94.4%
94.4%
94.3%
94.3%
94.3%
94.2%
94.2%
94.2%
94.2%
94.2%
94.1%
94%
94%
94%
94%
94%
94%
94%
94%
94%
93.9%
93.9%
93.8%
93.7%
93.6%
93.6%
93.6%
93.6%
93.6%
93.6%
New York
Yankees
93.6%
93.6%
93.6%
93.6%
93.5%
93.5%
93.5%
93.5%
93.5%
93.5%
93.5%
93.5%
93.4%
93.4%
93.4%
% Correct
93.4%
93.4%
93.3%
93.2%
93.2%
93.2%
93.2%
93.1%
93.1%
93.1%
93.1%
93.1%
93.1%
93%
93%
93%
92.9%
92.9%
92.9%
92.9%
92.9%
92.8%
92.8%
92.8%
92.7%
92.6%
92.6%
92.6%
92.6%
92.5%
92.5%
92.4%
92.4%
92.4%
92.4%
92.4%
92.2%
92.3%
92.3%
92.2%
Boston
Red Sox
92.2%
92.1%
92.1%
92.1%
92%
91.9%
91.9%
91.9%
91.9%
91.8%
91.8%
91.8%
91.8%
91.7%
91.7%
91.7%
91.7%
91.5%
91.5%
91.5%
91.5%
91.5%
91.5%
91.5%
Kansas City
Royals
91.5%
91.5%
91.4%
91.4%
91.4%
91.4%
91.4%
91.3%
91.3%
91.3%
91.3%
91.1%
91.2%
91.1%
91.2%
91.1%
91.1%
91.1%
91.1%
91.1%
91.1%
91%
91%
91%
91%
91%
91%
91%
91%
90.9%
90.9%
90.8%
90.8%
% Correct
90.8%
90.8%
Chicago
White Sox
90.8%
90.7%
90.7%
90.7%
90.7%
90.7%
90.7%
90.6%
90.5%
90.4%
90.4%
90.4%
90.4%
90.4%
90.3%
90.3%
New York
Mets
90.3%
90.2%
90.2%
90.2%
90.2%
90.2%
90.1%
90.1%
90.1%
90.1%
90.1%
90.1%
90.1%
90%
90%
90%
89.9%
89.9%
89.9%
89.9%
Los Angeles
Dodgers
89.9%
89.9%
Chicago
Cubs
89.9%
89.8%
89.8%
89.8%
89.7%
89.7%
89.7%
89.7%
89.6%
89.5%
89.5%
89.5%
89.4%
89.4%
89.3%
89.3%
89.1%
89.1%
89.1%
89.1%
89%
89%
89%
88.9%
88.9%
88.7%
88.4%
87.8%
Houston
Astros
87.8%
Miami
Marlins
87.8%
Toronto
Blue Jays
86.8%
86.7%
86.7%
86.7%
San Fran.
Giants
86.6%
Los Angeles
Angels
86.6%
Milwaukee
Brewers
86.3%
St. Louis
Cardinals
86.2%
Atlanta
Braves
86.1%
Tampa Bay
Rays
85.8%
85.6%
Cleveland
Indians
85.6%
Baltimore
Orioles
85.4%
Seattle
Mariners
85.2%
Philadelphia
Phillies
85.1%
Washington
Nationals
85.1%
Pittsburgh
Pirates
85%
Texas
Rangers
84.9%
Minnesota
Twins
84.7%
San Diego
Padres
84.5%
Detroit
Tigers
84.1%
Arizona
Diamondb.
83.9%
Colorado
Rockies
83.2%
Oakland
Athletics
83.1%
Team Logo: Kansas City Royals
62.3%

You're not logged in!

Compare scores with friends on all Sporcle quizzes.
OR
Log In

Sporcle TV

Today on Sporcle TV


Watch our educational content, quiz creation guides, and fun videos on Sporcle TV.

Show Comments

Extras

Top Quizzes Today


Score Distribution

Paid Content

Your Account Isn't Verified!

In order to create a playlist on Sporcle, you need to verify the email address you used during registration. Go to your Sporcle Settings to finish the process.

Report this User

Report this user for behavior that violates our Community Guidelines.

Details: